000 00413nam a2200169Ia 4500
008 230711s9999||||xx |||||||||||||| ||und||
020 _a978-1-4419-6418-2
041 _aENG
082 _a615.19
_bTU-N
100 _aTurner,J.Rick
245 0 _aNew Drug Development.
250 _a2nd Ed.
260 _c2010
_aNew York
_bSpringer Science & Business Media
300 _a256p.
650 _aPharmacy
942 _cBK
999 _c7073
_d7073